000
00275nam a22001217a 4500
020
_a
0-85224-381-2
082
_a
621.381 EXP'M
100
_a
MICHIE, DONALD
_9
74223
245
_a
EXPERT SYSTEMS IN THE MICROELECTRONICS AGE
260
_c
1979
300
_a
287P
942
_c
BK
999
_c
579785
_d
579785